000 00396nam a2200157Ia 4500
008 160316s2012 xxu||||| |||| 00| 0 eng d
082 _a346.048200
_bPAT
100 _a
245 _aThe patents act, 1970 ( 39 of 1970 )
250 _a
260 _aDehra Dun
_bCommercial Law Publishers
_c2012
300 _a174p
_b
_c
365 _b Rs. 150
650 _a1. Law Of Patents Act
700 _a
_a
999 _c31309
_d31309